Jāmiʻat al-Duwal al-ʻArabīyah fī ʻāmihā al-ʻishrīn. (Record no. 48478)
[ view plain ]
| 000 -LEADER | |
|---|---|
| fixed length control field | 00963cam a22002414a 4500 |
| 001 - CONTROL NUMBER | |
| control field | ne 65002308 |
| 003 - CONTROL NUMBER IDENTIFIER | |
| control field | DLC |
| 005 - DATE AND TIME OF LATEST TRANSACTION | |
| control field | 20260227111818.0 |
| 008 - FIXED-LENGTH DATA ELEMENTS--GENERAL INFORMATION | |
| fixed length control field | 890904s1965 ua a i000 0 ara |
| 010 ## - LIBRARY OF CONGRESS CONTROL NUMBER | |
| LC control number | ne 65002308 |
| 035 ## - SYSTEM CONTROL NUMBER | |
| System control number | (OCoLC)23510422 |
| 040 ## - CATALOGING SOURCE | |
| Original cataloging agency | DLC |
| Transcribing agency | DLC |
| 050 00 - LIBRARY OF CONGRESS CALL NUMBER | |
| Classification number | DS36.2 |
| Item number | .J352 1965 |
| 066 ## - CHARACTER SETS PRESENT | |
| Alternate G0 or G1 character set | (3 |
| 245 10 - TITLE STATEMENT | |
| Linkage | 880-01 |
| Title | Jāmiʻat al-Duwal al-ʻArabīyah fī ʻāmihā al-ʻishrīn. |
| 260 ## - PUBLICATION, DISTRIBUTION, ETC. | |
| Linkage | 880-02 |
| Place of publication, distribution, etc. | al-Qāhirah : |
| Name of publisher, distributor, etc. | Idārat al-Iʻlām bi-al-Amānah al-ʻĀmmah bi-Jāmiʻat al-Duwal al-ʻArabīyah, |
| Date of publication, distribution, etc. | 1965. |
| 300 ## - PHYSICAL DESCRIPTION | |
| Extent | 88 p. : |
| Other physical details | ill. ; |
| Dimensions | 21 cm. |
| 500 ## - GENERAL NOTE | |
| General note | Cover title. |
| 610 20 - SUBJECT ADDED ENTRY--CORPORATE NAME | |
| Corporate name or jurisdiction name as entry element | League of Arab States. |
| 710 2# - ADDED ENTRY--CORPORATE NAME | |
| Corporate name or jurisdiction name as entry element | League of Arab States. |
| Subordinate unit | Press and Information Department. |
| 880 10 - ALTERNATE GRAPHIC REPRESENTATION | |
| Linkage | 245-01/(3/r |
| a | جامعة الدول العربية في عامها العشرين. |
| 880 ## - ALTERNATE GRAPHIC REPRESENTATION | |
| Linkage | 260-02/(3/r |
| a | القاهرة : |
| b | ادارة الاعلام بالامانة العامة بجامعة الدول العربية, |
| c | 1965. |
No items available.